|
|
|
|
| LEADER |
00911cam a2200229 7i4500 |
| 001 |
0000003271 |
| 005 |
20170218090000.0 |
| 020 |
|
|
|a 0130925691 (hbk.)
|
| 020 |
|
|
|a 9780130925695
|
| 090 |
0 |
0 |
|a QA76.9.O35
|b L37 2002
|
| 100 |
1 |
|
|a Larman, Craig
|
| 245 |
1 |
0 |
|a Applying UML and patterns :
|b an introduction to object-oriented analysis and design and the unified process
|c Craig Larman ; foreword by Phillipe Kruchten.
|
| 250 |
|
|
|a 2nd ed.
|
| 260 |
|
|
|a Upper Saddle River, N.J:
|b Prentice Hall PTR,
|c 2002.
|
| 300 |
|
|
|a xxi, 627 p.:
|b ill.;
|c 26 cm.
|
| 504 |
|
|
|a Includes bibliographical references and index
|
| 650 |
0 |
0 |
|a System design
|
| 650 |
0 |
0 |
|a UML (Computer science)
|
| 650 |
0 |
0 |
|a Object-oriented methods (Computer science)
|
| 700 |
1 |
|
|a Kruchten, Phillipe
|
| 997 |
|
|
|a Communication, Visual Art & Computing, Faculty
|b Computing, Department
|
| 999 |
|
|
|a 0000008491
|b BOK
|c OPEN SHELF
|e 2nd Floor, Bestari Jaya
|